| 000 | 00653nam a2200193 a 4500 | ||
|---|---|---|---|
| 001 | 000031349 | ||
| 005 | 20240412074255.0 | ||
| 008 | 110620s1958 dr r 000 d spa d | ||
| 040 |
_aDO-SdBNP _bspa _cBNPHU |
||
| 082 |
_aRD862.44 _bO81a |
||
| 100 | 1 |
_aOscar, Armando _924269 |
|
| 245 | 1 | 3 |
_aEl amor se fue de vacaciones : _bcomedia dramática en tres actos / _cArmando Oscar. |
| 260 |
_aCiudad Trujillo, República Dominicana : _bLibrería Dominicana, _c1958. |
||
| 300 |
_a136 p. ; _c21 cm. |
||
| 590 | _aInventariado, 2018/LP | ||
| 650 | 0 |
_aTeatro dominicano _9637 |
|
| 650 | 0 |
_aLiteratura dominicana. _967 |
|
| 910 | _aValidado. Control de calidad MFF | ||
| 999 |
_c30841 _d30841 |
||